Statistics for Headquarters of International Organizations

Click here to take the quiz!

General Stats

  • This quiz has been taken 54 times
  • The average score is 11 of 24

Answer Stats

OrganizationCity% Correct
United NationsNew York City
100%
European UnionBrussels
95%
Arab LeagueCairo
79%
African UnionAddis Ababa
72%
Commonwealth of NationsLondon
70%
NATOBrussels
67%
International Court of JusticeThe Hague
67%
Association of Southeast Asian NationsJakarta
60%
World Health OrganizationGeneva
56%
Organization of American StatesWashington
56%
Eurasian Economic UnionMoscow
51%
UNESCOParis
40%
International Monetary FundWashington
33%
International Olympic CommitteeLausanne
30%
Pacific Islands ForumSuva
30%
World BankWashington
30%
Caribbean CommunityGeorgetown
26%
InterpolLyon
26%
MercosurMontevideo
21%
International Labour OrganizationGeneva
16%
Food and Agricultural OrganizationRome
14%
International Maritime OrganizationLondon
12%
International Civil Aviation OrganizationMontreal
12%
Southern African Development CommunityGabarone
7%

Score Distribution

Percentile by Number Answered

Percent of People with Each Score

Your Score History

You have not taken this quiz